Food for thought : (Record no. 2395)

MARC details
000 -LEADER
fixed length control field 00775cam a2200265 a 4500
005 - DATE AND TIME OF LATEST TRANSACTION
control field 20250819162309.0
020 ## - INTERNATIONAL STANDARD BOOK NUMBER
International Standard Book Number 9780545493420
040 ## - CATALOGING SOURCE
Original cataloging agency DNAL/DLC
Transcribing agency DLC
Modifying agency DLC
Language of cataloging eng
050 00 - LIBRARY OF CONGRESS CALL NUMBER
Classification number TX355.R54
082 00 - DEWEY DECIMAL CLASSIFICATION NUMBER
Classification number 641.3
100 1# - MAIN ENTRY--PERSONAL NAME
Personal name Robbins, Ken
245 10 - TITLE STATEMENT
Title Food for thought :
Remainder of title the stories behind the things we eat /
Statement of responsibility, etc. Ken Robbins
260 ## - PUBLICATION, DISTRIBUTION, ETC.
Place of publication, distribution, etc. New York :
Name of publisher, distributor, etc. Scholastic,
Date of publication, distribution, etc. 2009
300 ## - PHYSICAL DESCRIPTION
Extent 45 pages :
Other physical details Color illustrations ;
Dimensions 22 cm
500 ## - GENERAL NOTE
General note "A Neal Porter book."
505 ## - FORMATTED CONTENTS NOTE
Formatted contents note Z <br/>
520 ## - SUMMARY, ETC.
Summary, etc. Food is very important to us and each food has a story.
521 ## - TARGET AUDIENCE NOTE
Target audience note 1160 AD
Source Lexile <br/>
521 ## - TARGET AUDIENCE NOTE
Target audience note Z <br/>
Source Raz-Plus <br/>
650 #0 - SUBJECT ADDED ENTRY--TOPICAL TERM
Topical term or geographic name entry element Food.
650 #0 - SUBJECT ADDED ENTRY--TOPICAL TERM
Topical term or geographic name entry element Food
Form subdivision Folklore
906 ## - LOCAL DATA ELEMENT F, LDF (RLIN)
a 7
b cbc
c orignew
d 1
e ecip
f 20
g y-gencatlg
942 ## - ADDED ENTRY ELEMENTS (KOHA)
Source of classification or shelving scheme Dewey Decimal Classification
Koha item type Books
Suppress in OPAC No
999 ## -
-- 2395
-- 2395
Holdings
Withdrawn status Lost status Source of classification or shelving scheme Damaged status Not for loan Collection Home library Current library Shelving location Date acquired Total Checkouts Full call number Barcode Date last seen Price effective from Koha item type Copy number
    Dewey Decimal Classification     Non-Fiction Footprints International School Library Network Toul Tom Poung Campus Footprints International School Library Network Toul Tom Poung Campus TTP Secondary Non-Fiction Bookshelves 11/23/2023   ROB 641.3 TX355.R54 FISSE00645 11/23/2023 11/23/2023 Books  
    Dewey Decimal Classification     Non-Fiction Footprints International School Library Network Toul Tom Poung Campus Footprints International School Library Network Toul Tom Poung Campus TTP Secondary Non-Fiction Bookshelves 08/19/2025   ROB 641.3 TX355.R54 FISSE00644 08/19/2025 08/19/2025 Books 2